| 000 | 00780nam a2200253 a 4500 | ||
|---|---|---|---|
| 001 | 35114 | ||
| 003 | BD-RjUL | ||
| 005 | 20211209052249.0 | ||
| 008 | 140521s1956 nyu 001 0 eng|d | ||
| 035 | _a(BD-RjUL)35208 | ||
| 040 |
_aNS:RP _beng _cDLC _dLC _dBD-RjUL |
||
| 041 | _aeng | ||
| 082 | 0 | 0 |
_a515 _bHII 1956 |
| 100 | 1 |
_aHildebrand, Francis Begnaud. _926482 |
|
| 245 | 1 | 0 |
_aIntroduction to numerical analysis / _cF. B. Hildebrand. |
| 260 |
_aNew York : _bMcGraw-Hill, _c1956. |
||
| 300 |
_ax, 511 p. : _bill. ; _c24 cm. |
||
| 504 | _aIncludes bibliographical references and index. | ||
| 650 | 0 |
_aNumerical analysis. _9106915 |
|
| 942 |
_2ddc _cBK _01 |
||
| 999 |
_c35114 _d35114 |
||